| 000 | 02244nam a22003977a 4500 | ||
|---|---|---|---|
| 999 |
_c21904 _d21904 |
||
| 003 | AR-CdUCM | ||
| 008 | 190425b ||||| |||| 00| 0 spa d | ||
| 040 |
_aMUNICIPALIDAD PROVINCIAL DEL CUSCO _cBIBLIOTECA MUNICIPAL DEL CUSCO |
||
| 082 | _aRev.Anto/N°103/1999 | ||
| 110 |
_aUniversidad Nacional de San Antonio Abad del Cusco _915942 |
||
| 245 |
_aEl Antoniano : _bPublicación científico cultural de la Universidad Nacional de San Antonio Abad del Cusco / _cHugo Bonet Rodríguez, director |
||
| 260 |
_aCusco : _bUNSAAC, _bSiglo XXI, _c1999. |
||
| 300 |
_a36 páginas. : _bilustraciones ; _c43 cm. |
||
| 440 |
_aEl Antononiano. _nAño 9, N°103, enero 1999. _946817 |
||
| 500 | _aImpreso en formato de papel periódico. | ||
| 505 | _aContenido: ¿Se globalizara la cultura? -- Hacia el tercer milenio. -- No todo lo que brilla es oro. -- La culpa la tiene el pobre. -- Joseph Wresinski extrema pobreza y derechos humanos. -- Kamachi. -- Mitos andinos en el contexto de nuevos movimientos religiosos autóctonos. -- Agonía de la arquitectura cusqueña. -- Las desencantadas. -- El estilo y el interprete en la música. -- Inicio del folklore científico en el Perú. -- Entre la tradición y la modernidad el Corpus Christi del Cusco. -- Oralidad y escritura en el pensamiento andino. -- Desarrollo de que o de quien. -- Un reto que vencer. -- Alfalfa deshidratada, una alternativa en la alimentación de camélidos. | ||
| 650 |
_aFolklore cusqueño _98693 |
||
| 650 |
_aAntología cusqueña _946818 |
||
| 650 |
_aMúsica andina _922217 |
||
| 650 |
_aArquitectura cusqueña _930237 |
||
| 700 |
_aFlores Ochoa, Jorge _92915 |
||
| 700 |
_aUgarte Vega Centeno, David _99129 |
||
| 700 |
_aMorveli Salas, Mario _97203 |
||
| 700 |
_aGibaja, Manuel _946819 |
||
| 700 |
_aVelazco Aragón, Luis _930611 |
||
| 700 |
_aRozas Aragón, Abel _942152 |
||
| 700 |
_aPilares Villa, Rubén _946820 |
||
| 700 |
_aPallardel Muñiz, Luis _946821 |
||
| 700 |
_aPallardel Moscoso, Danilo _97067 |
||
| 700 |
_aHolgado Vidal, Diomedes _946822 |
||
| 700 |
_aValderrama Escalante, Gonzalo _91301 |
||
| 700 |
_aBrozovich Mendoza, Raúl _92189 |
||
| 710 |
_aUniversidad Nacional de San Antonio Abad del Cusco _915942 |
||
| 942 |
_2ddc _cPP |
||
| 945 | _arac | ||